[Event "Summer Season Tournament"]
[Site "SchemingMind.com"]
[Date "2022.08.04"]
[Round "-"]
[White "William Lindberg"]
[Black "Robert Bruce"]
[Result "1-0"]
[WhiteCountry "USA"]
[BlackCountry "SCO"]
[WhiteElo "2443"]
[WhiteRD "68"]
[BlackElo "2317"]
[BlackRD "68"]
[GameID "725775"]

1. e4 e5 2. Nf3 Nc6 3. Bb5 a6 4. Bxc6 dxc6 5. O-O Bg4 6. h3 h5 7. d3 Qf6 8. Nbd2 g5 9. b3 Qg7 10. Nc4 Bc8
11. Nfxe5 g4 12. d4 f6 13. Nd3 gxh3 14. g3 h4 15. Kh2 Bg4 16. Qe1 Bf3 17. d5 Bg2 18. Rg1 O-O-O 19. dxc6 b6 20. a4 f5
21. Nde5 Nf6 22. Bf4 Kb8 23. exf5 Re8 24. f3 Bc5 25. g4 Bxf3 26. Qc3 Bg2 27. Rxg2 hxg2 28. Nd7+ Ka7 29. Nxf6 Re2 30. Be3 Qe7
31. Bg1 Bb4 32. Qd4 Bc5 33. Qf4 h3 34. Nd7 Bxg1+ 35. Rxg1 Rc8 36. a5 bxa5 37. Qd4+ Ka8 38. Qd3 Ka7 39. Qd4+ Ka8 40. f6 Qe6
41. Ncb6+ cxb6 42. Nxb6+ Kb8 43. Nxc8 Kxc8 44. g5 Qxc6 45. Qg4+ Re6 46. g6 Qd6+ 47. Kxh3 Kc7 48. g7 Re3+ 49. Kxg2 Qd5+ 50. Kh2 Qd2+
51. Kh1 Qd5+ 52. Rg2 Rf3 53. Qc4+ Qxc4 54. bxc4 Rf1+ 55. Kh2 Rf5 56. g8=Q Kd6 57. Qd8+ Kc5 58. Qxa5+ Kd4 59. Qxf5 a5 60. f7 Kxc4
61. f8=Q Kc3 62. Qe5+ Kc4 63. Rg4#
1-0

[Event "Summer Season Tournament"]
[Site "SchemingMind.com"]
[Date "2022.08.05"]
[Round "-"]
[White "Mitch The Man"]
[Black "The Stonewall"]
[Result "0-1"]
[WhiteCountry "USA"]
[BlackCountry "ENG"]
[WhiteElo "1316"]
[WhiteRD "62"]
[BlackElo "2328"]
[BlackRD "75"]
[GameID "725804"]

1. d4 Nf6 2. c4 g6 3. Nc3 Bg7 4. e3 O-O 5. Be2 d6 6. Bf3 Nbd7 7. Nge2 e5 8. O-O Re8 9. Ng3 h5 10. Nh1 e4
11. Be2 Nb6 12. b3 c6 13. a4 a5 14. Bd2 d5 15. c5 Nbd7 16. Nb1 Nf8 17. Bc3 h4 18. Re1 h3 19. g3 Bf5 20. g4 Nxg4
21. Bxg4 Qg5 22. Ng3 Bxg4 23. Qd2 Qf6 24. f4 exf3 25. Qf2 Ne6 26. b4 axb4 27. Bxb4 Nf4 28. exf4 Qxd4 29. Rxe8+ Rxe8 30. Bc3 Qd1+
31. Nf1 Bxc3
0-1

[Event "Summer Season Tournament"]
[Site "SchemingMind.com"]
[Date "2022.08.10"]
[Round "-"]
[White "The Stonewall"]
[Black "Mitch The Man"]
[Result "1-0"]
[WhiteCountry "ENG"]
[BlackCountry "USA"]
[WhiteElo "2319"]
[WhiteRD "73"]
[BlackElo "1318"]
[BlackRD "64"]
[GameID "725805"]

1. e4 d5 2. exd5 Qxd5 3. Nf3 Qe6+ 4. Be2 Qf6 5. O-O e6 6. d4 Qd8 7. c4 Be7 8. Nc3 Bf6 9. Bf4 Ne7 10. Qc2 O-O
11. Ne4 Nd7 12. Rfd1 Ng6 13. Nxf6+ Nxf6 14. Bg5 h6 15. Bd2 b6 16. Ne5 Bb7 17. Nxg6 fxg6 18. Qxg6 Be4 19. Qg3 Kh7 20. Bf4 Bc2
21. Bxc7 Qd7 22. Bd3+ Bxd3 23. Qxd3+ g6 24. Be5 Ng4 25. Bg3 Rf7 26. Qe4 Raf8 27. Qxg4 Rf5 28. Re1 h5 29. Qe4 R8f7 30. Rad1 Qe8
31. Qxe6 Qa4 32. d5 Qxa2 33. d6 Qa4 34. d7
1-0

[Event "Summer Season Tournament"]
[Site "SchemingMind.com"]
[Date "2022.08.10"]
[Round "-"]
[White "The Stonewall"]
[Black "Phillip Beckett"]
[Result "1-0"]
[WhiteCountry "ENG"]
[BlackCountry "ENG"]
[WhiteElo "2319"]
[WhiteRD "73"]
[BlackElo "1530"]
[BlackRD "57"]
[GameID "725806"]

1. e4 e5 2. Nf3 Nc6 3. d4 exd4 4. Bc4 d6 5. Nxd4 Bd7 6. Nc3 Nf6 7. O-O Be7 8. Re1 O-O 9. h3 Nxd4 10. Qxd4 Bc6
11. Bf4 h6 12. Rad1 Nh7 13. Qe3 Bg5 14. e5 Bxf4 15. Qxf4 Qg5 16. Qxg5 Nxg5 17. exd6 cxd6 18. Rxd6 Rfe8 19. Rxe8+ Rxe8 20. f3 Ne6
21. Ne2 Rd8 22. Rxd8+ Nxd8 23. Kf2 Kf8 24. Ke3 Ke7 25. Nd4 Bd7 26. Ke4 Nc6 27. Nxc6+ Bxc6+ 28. Bd5 Bxd5+ 29. Kxd5 Kd7 30. c4 b6
31. b4 g5 32. g4
1-0

[Event "Summer Season Tournament"]
[Site "SchemingMind.com"]
[Date "2022.08.05"]
[Round "-"]
[White "Phillip Beckett"]
[Black "The Stonewall"]
[Result "0-1"]
[WhiteCountry "ENG"]
[BlackCountry "ENG"]
[WhiteElo "1530"]
[WhiteRD "57"]
[BlackElo "2319"]
[BlackRD "73"]
[GameID "725807"]

1. e4 c5 2. Nf3 e6 3. d4 cxd4 4. Nxd4 Nc6 5. Nb3 Nf6 6. Bd3 Be7 7. O-O O-O 8. f4 Qb6+ 9. Kh1 d6 10. Nc3 a6
11. Na4 Qc7 12. Nc3 b5 13. Qe1 Bb7 14. e5 dxe5 15. fxe5 Nxe5 16. Ne4 Nxe4 17. Bxe4 Bxe4 18. Qxe4 Qc4 19. Qxc4 Nxc4 20. Nd2 Ne3
21. Rg1 Nxc2 22. Rb1 Nb4 23. a3 Rfc8 24. axb4 Bxb4 25. Nf3 f6 26. Be3 e5 27. Rbc1 a5 28. Rgd1 Rxc1 29. Rxc1 Rd8 30. h3 Rd3
31. Bc5 Rb3 32. Bxb4 Rxb4 33. Rc8+ Kf7 34. Rc2 a4 35. Nd2 f5 36. Nf3 e4 37. Ng1 Ke6 38. h4 f4 39. Nh3 Ke5 40. Kg1 Rc4
41. Rxc4 bxc4 42. Kf1 c3
0-1

[Event "Summer Season Tournament"]
[Site "SchemingMind.com"]
[Date "2022.08.10"]
[Round "-"]
[White "The Stonewall"]
[Black "kenneth m day"]
[Result "1-0"]
[WhiteCountry "ENG"]
[BlackCountry "USA"]
[WhiteElo "2319"]
[WhiteRD "75"]
[BlackElo "1568"]
[BlackRD "64"]
[GameID "725808"]

1. e4 e5 2. Nf3 d5 3. exd5 Bd6 4. d4 e4 5. Nfd2 Bf5 6. Nc3 Nf6 7. Bb5+ c6 8. dxc6 bxc6 9. Be2 O-O 10. Nc4 Bc7
11. Bg5 Nbd7 12. Qd2 Re8 13. d5 cxd5 14. Bxf6 Nxf6 15. Ne3 Be6 16. Nb5 Bb6 17. c3 a6 18. Nd4 Bc8 19. O-O-O Bb7 20. Kb1 Rc8
21. h4 Re7 22. g4 Nd7 23. Nef5 Bxd4 24. Nxe7+ Qxe7 25. Qxd4 Nc5 26. g5 Ne6 27. Qe3 Qd6 28. Qxe4 Nc5 29. Qe3 Kf8 30. Bf3 Re8
31. Qd4 Re5 32. Rhe1 Rf5 33. Qe3 Bc6 34. Bxd5 Rxd5 35. Rxd5 Qxd5 36. Qe7+
1-0

[Event "Summer Season Tournament"]
[Site "SchemingMind.com"]
[Date "2022.08.06"]
[Round "-"]
[White "kenneth m day"]
[Black "The Stonewall"]
[Result "0-1"]
[WhiteCountry "USA"]
[BlackCountry "ENG"]
[WhiteElo "1628"]
[WhiteRD "59"]
[BlackElo "2328"]
[BlackRD "75"]
[GameID "725809"]

1. e4 c5 2. d4 cxd4 3. c3 Nf6 4. e5 Nd5 5. Nf3 Nc6 6. cxd4 d6 7. Bc4 Nb6 8. Bb3 d5 9. O-O Bg4 10. Qd3 Bxf3
11. Qxf3 Nxd4 12. Qg3 Ne2+
0-1

[Event "Summer Season Tournament"]
[Site "SchemingMind.com"]
[Date "2022.08.10"]
[Round "-"]
[White "The Stonewall"]
[Black "ray winteringham"]
[Result "1-0"]
[WhiteCountry "ENG"]
[BlackCountry "ENG"]
[WhiteElo "2328"]
[WhiteRD "75"]
[BlackElo "1473"]
[BlackRD "50"]
[GameID "725810"]

1. e4 e5 2. Nf3 d6 3. d4 exd4 4. Nxd4 g6 5. Nc3 Bg7 6. Be3 Ne7 7. Qd2 O-O 8. O-O-O Bd7 9. h4 Nbc6 10. Nxc6 Bxc6
11. h5 Bxc3 12. Qxc3 gxh5 13. Rxh5 Bxe4 14. Bc4 Bg6 15. Bh6
1-0

[Event "Summer Season Tournament"]
[Site "SchemingMind.com"]
[Date "2022.08.05"]
[Round "-"]
[White "ray winteringham"]
[Black "The Stonewall"]
[Result "0-1"]
[WhiteCountry "ENG"]
[BlackCountry "ENG"]
[WhiteElo "1473"]
[WhiteRD "50"]
[BlackElo "2328"]
[BlackRD "75"]
[GameID "725811"]

1. c4 Nf6 2. g3 g6 3. Bg2 Bg7 4. Nc3 O-O 5. e3 d6 6. d4 Nbd7 7. b3 e5 8. d5 e4 9. Rb1 Nc5 10. Bb2 Nd3+
11. Kf1 Ng4 12. Nh3 Nxb2 13. Rxb2 Bxc3 14. Rc2 Be5 15. Bxe4 Nxe3+ 16. fxe3 Bxh3+ 17. Ke2 Qf6 18. Kd2 Qg5 19. Qe1 Bg7 20. Rg1 Rae8
21. Kd1 Rxe4
0-1

[Event "Summer Season Tournament"]
[Site "SchemingMind.com"]
[Date "2022.08.10"]
[Round "-"]
[White "The Stonewall"]
[Black "Robert Bruce"]
[Result "0-1"]
[WhiteCountry "ENG"]
[BlackCountry "SCO"]
[WhiteElo "2319"]
[WhiteRD "73"]
[BlackElo "2317"]
[BlackRD "68"]
[GameID "725812"]

1. e4 Nf6 2. e5 Nd5 3. d4 d6 4. c4 Nb6 5. f4 g6 6. Nc3 Bg7 7. Be3 Be6 8. d5 Bf5 9. Nf3 N8d7 10. Nd4 dxe5
11. Nxf5 gxf5 12. c5 Nc8 13. fxe5 Nxe5 14. Qc2 O-O 15. Qxf5 e6 16. dxe6 Ne7 17. exf7+ Rxf7 18. Qe4 Nf5 19. Bd2 Qf8 20. O-O-O Qxc5
21. Qxb7 Re8 22. Qb5 Qe7 23. Bf4 Rff8 24. g3 Kh8 25. Bh3 Ng6 26. Rd7 Qe6 27. Bg5 h6 28. Bd2 Ne5 29. Rxc7 Qd6 30. Bxf5 Qxc7
31. Bc2 Nc4 32. Bf4 Qc8 33. Rd1 Re6 34. a4 Rb6 35. Qd5 Rxb2 36. Rd3 Re8 37. h3 Re1+ 38. Bd1 Kh7 39. Bd6 Rb3
0-1

[Event "Summer Season Tournament"]
[Site "SchemingMind.com"]
[Date "2022.08.05"]
[Round "-"]
[White "Robert Bruce"]
[Black "The Stonewall"]
[Result "1/2-1/2"]
[WhiteCountry "SCO"]
[BlackCountry "ENG"]
[WhiteElo "2329"]
[WhiteRD "73"]
[BlackElo "2317"]
[BlackRD "68"]
[GameID "725813"]

1. d4 Nf6 2. Nf3 g6 3. g3 Bg7 4. Bg2 O-O 5. O-O d6 6. a4 Na6 7. Re1 d5 8. c4 c5 9. cxd5 cxd4 10. Qxd4 Qxd5
11. Nc3 Qxd4 12. Nxd4 Nb4 13. Rf1 Rd8 14. Ndb5 Ne8 15. Bf4 Nc6 16. Rfd1 Bg4 17. h3 Rxd1+ 18. Rxd1 Bf5 19. g4 Be6 20. Bxc6 bxc6
21. Nd4 Bxd4 22. Rxd4 c5 23. Rd1 f6 24. Be3 c4 25. f3 Kf7 26. h4 Rb8 27. Rd2 Rb7 28. Kf2 Ng7 29. a5 h5 30. gxh5 gxh5
31. Rd8 Rxb2 32. Bxa7 Rb3 33. Bb6 Ne8 34. Ne4 Ra3 35. Rd4 Ra1 36. Rd8 Ra3 37. Rd2 Bf5 38. Ng3 c3 39. Rd1 Bg6 40. Rc1 Nd6
41. Bc5 Rxa5 42. Bxd6 exd6 43. Rxc3 Rc5 44. Ra3 Ke6 45. Ra2 Rc4 46. e3 Rxh4 47. Ne2 Rc4 48. Nf4+ Kf5 49. Ra5+ Rc5 50. Ra6 Rc3
51. Rxd6 Kg5 52. Ne6+ Kh6 53. Nf4 Kg5 54. Ne6+ Kh6 55. Nd4 Kg7 56. Ra6 h4 57. Ra7+ Kh6 58. Ra1 Kh5 59. e4=
1/2-1/2

[Event "Summer Season Tournament"]
[Site "SchemingMind.com"]
[Date "2022.08.10"]
[Round "-"]
[White "The Stonewall"]
[Black "William Lindberg"]
[Result "1/2-1/2"]
[WhiteCountry "ENG"]
[BlackCountry "USA"]
[WhiteElo "2319"]
[WhiteRD "73"]
[BlackElo "2443"]
[BlackRD "68"]
[GameID "725814"]

1. e4 e5 2. Nf3 Nc6 3. d4 exd4 4. Nxd4 Bc5 5. Nb3 Bb6 6. Qe2 a5 7. a4 Nf6 8. Nc3 O-O 9. Be3 Bxe3 10. Qxe3 Nb4
11. O-O-O d5 12. h3 Re8 13. g4 c6 14. e5 Nd7 15. f4 Qb6 16. Qd4 g5 17. fxg5 Rxe5 18. Qf4 Qd8 19. h4 f6 20. gxf6 Qxf6
21. Qd2 Qe7 22. Qf4 Nb6 23. Rh2 c5 24. Re2 Rxe2 25. Bxe2 Bd7 26. Qh6 Bc6 27. Rf1 d4 28. Nb5 Bd5 29. Nd6 Qxe2 30. Qg5+ Kh8
31. Qf6+ Kg8 32. Qg5+ Kh8 33. Qf6+ Kg8=
1/2-1/2

[Event "Summer Season Tournament"]
[Site "SchemingMind.com"]
[Date "2022.08.05"]
[Round "-"]
[White "William Lindberg"]
[Black "The Stonewall"]
[Result "1-0"]
[WhiteCountry "USA"]
[BlackCountry "ENG"]
[WhiteElo "2443"]
[WhiteRD "69"]
[BlackElo "2319"]
[BlackRD "75"]
[GameID "725815"]

1. c4 Nf6 2. d4 g6 3. Nf3 Bg7 4. Nc3 O-O 5. e4 d6 6. h3 e5 7. d5 a5 8. Bd3 Na6 9. O-O Bd7 10. Bc2 Nc5
11. Be3 b6 12. Re1 Qe8 13. Qd2 Na6 14. Kh2 Nb4 15. Bd1 Qc8 16. a3 Na6 17. Bc2 Nc5 18. Qd1 Qa6 19. Nd2 a4 20. Qe2 Nh5
21. g3 Qc8 22. Rg1 Qd8 23. Rae1 Bf6 24. f4 exf4 25. gxf4 Ng7 26. f5 Re8 27. Qg2 Kh8 28. Nf3 Qe7 29. Qd2 Nh5 30. Bd4 Kg8
31. Ref1 Bxd4 32. Qxd4 Qf6 33. Qf2 Qg7 34. Qh4 Kh8 35. Rg5 f6 36. Rgg1 Qh6 37. fxg6 hxg6 38. e5 dxe5 39. Rxg6 Qf4+ 40. Qxf4 Nxf4
41. Rh6+ Kg8 42. Rg1+ Kf8 43. Rh7
1-0